Termodinamicheskie svoistva individualnykh veshchestv.
Guardado en:
| Autores Corporativos: | , |
|---|---|
| Otros Autores: | , |
| Formato: | Libro |
| Idioma: | Russian |
| Publicado: |
[1962]
|
| Materias: | |
| Etiquetas: |
Agregar Etiqueta
Sin Etiquetas, Sea el primero en etiquetar este registro!
|
| LEADER | 00943cam a2200253ua 4500 | ||
|---|---|---|---|
| 001 | EEA.libagro010551 | ||
| 008 | 840817s1962####xx#a##########000#0#ruso# | ||
| 005 | 20191209112936.0 | ||
| 245 | 0 | 0 | |a Termodinamicheskie svoistva individualnykh veshchestv. |
| 260 | |c [1962] | ||
| 300 | |a 2 v. : |b il. ; |c 27 cm. | ||
| 130 | 0 | |a Termodinamicheskie svoistva komponentov produktov sgoraniia. | |
| 700 | 1 | |a Glushko, Valentin Petrovich, |e ed. | |
| 700 | 1 | |a Gurvich, Lev Veniaminovich. | |
| 710 | 2 | |a Akademiia nauk SSSR. |b Institut gorëiuchikh iskopaemykh. | |
| 710 | 1 | |a Leningrad. |b Gosudarstvennyi institut prikladnoi khimii. | |
| 082 | 0 | 4 | |a 536.7 |
| 650 | 0 | |a Thermochemistry |v Tables. | |
| 650 | 0 | |a Thermodynamics |v Tables. | |
| 010 | |a 63031825 | ||
| 040 | |a DLC |c CarP |d DLC | ||
| 050 | 0 | 0 | |a QD511 |b .T4 1962 |
| 859 | |a AR-BbBCA |b BIB. AGRONOMIA |h 536.7 |i G567 |p 1969/0002 |v Vol. 1 |3 Vol. 1 | ||
| 859 | |a AR-BbBCA |b BIB. AGRONOMIA |h 536.7 |i G567 |p 1969/0003 |v Vol. 2 |3 Vol. 2 | ||
